Online Catalogue and eLibrary

The quazi court procedure and practice (Record no. 3728)

MARC details
000 -LEADER
fixed length control field 00421nam a2200169Ia 4500
005 - DATE AND TIME OF LATEST TRANSACTION
control field 20240531010419.0
008 - FIXED-LENGTH DATA ELEMENTS--GENERAL INFORMATION
fixed length control field 240331s9999 xx 000 0 und d
020 ## - INTERNATIONAL STANDARD BOOK NUMBER
ISBN
082 ## - DDC Classification
Item Number - Author Mark AME
Class No. 340
100 ## - MAIN ENTRY--PERSONAL NAME
Personal name Ameen,A.H.G
245 #4 - TITLE STATEMENT
Title The quazi court procedure and practice
Statement of responsibility, etc. A.H.G. Ameen
260 ## - PUBLICATION, DISTRIBUTION, ETC.
Place of publication, distribution, etc. Colombo
Name of publisher, distributor, etc. Al-Ameen Law Centre
300 ## - PHYSICAL DESCRIPTION
Extent (e.g. Volumes, Pages etc.) vi, 122 p .,
650 ## - SUBJECT ADDED ENTRY--TOPICAL TERM
Topical term or geographic name entry element Role of a Quazi
650 ## - SUBJECT ADDED ENTRY--TOPICAL TERM
Topical term or geographic name entry element Laws
942 ## - Koha item type (Biblio)
Koha item type Books in Stacks (Lending)
Holdings
Lost status Damaged status Collection code Home library Current library Shelving location Date acquired Full call number Accession Number Item type
    Lending WERC Library WERC Library Social Science Cupboard 03/31/2024 340 AME 6386 Books in Stacks (Lending)

© WERC Library